Fikir itu pelita hati

Bibliographic Details
Main Author: W.S Uzala
Format: Book
Published: Selangor : Sama Publications & Distributors , 2004
Series:Siri novel pencapaian maksimum
Subjects:

MARC

LEADER 00000cam a2200000 7i4500
001 0000020663
005 20160330.0
008 080702
020 |a 9679389308 
090 0 0 |a WSU   |b MAL 
100 0 |a W.S Uzala 
245 1 0 |a Fikir itu pelita hati   |c W.S Uzala 
260 |a Selangor :   |b Sama Publications & Distributors ,   |c 2004 
440 |a Siri novel pencapaian maksimum 
500 |a Teenager ages 13-18 years old (blue) 
650 0 |a Junior fiction   |x Malay   |x Languages 
999 |a 0000095894   |b Book   |c Teenagers   |e Perbadanan Perpustakaan Awam Johor 
999 |a 0000919731   |b Book   |c Children Collection   |e Cawangan Bukit Gambir 
999 |a 0000919732   |b Book   |c Children Collection   |e Cawangan Bukit Gambir 
999 |a 0000919733   |b Book   |c Teenagers   |e Cawangan Bukit Gambir 
999 |a 0000927534   |b Book   |c Teenagers   |e Cawangan Tangkak 
999 |a 0000927535   |b Book   |c Teenagers   |e Cawangan Tangkak 
999 |a 0000958938   |b Book   |c Teenagers   |e Perbadanan Perpustakaan Awam Johor 
999 |a 0000958939   |b Book   |c Teenagers   |e Perbadanan Perpustakaan Awam Johor 
999 |a 0000958941   |b Book   |c Teenagers   |e Perbadanan Perpustakaan Awam Johor 
999 |a 0000958942   |b Book   |c Teenagers   |e Perbadanan Perpustakaan Awam Johor